The Police Service Act (Record no. 15599)

000 -LEADER
fixed length control field 00371pab a2200133 454500
008 - FIXED-LENGTH DATA ELEMENTS--GENERAL INFORMATION
fixed length control field 180718b1991 xxu||||| |||| 00| 0 eng d
100 ## - MAIN ENTRY--PERSONAL NAME
Personal name Black, Paul L.
245 ## - TITLE STATEMENT
Title The Police Service Act
Remainder of title A new mandate for policing in Ontarkio
260 ## - PUBLICATION, DISTRIBUTION, ETC.
Date of publication, distribution, etc. 1991
300 ## - PHYSICAL DESCRIPTION
Extent 1-8
650 ## - SUBJECT ADDED ENTRY--TOPICAL TERM
Topical term or geographic name entry element Police - Legislation
773 ## - HOST ITEM ENTRY
Main entry heading Royal Canadian Mounted Police Gazette
909 ## -
-- 15599
Holdings
Withdrawn status Lost status Damaged status Not for loan Permanent Location Current Location Date acquired Serial Enumeration / chronology Barcode Date last seen Price effective from Koha item type
        Indian Institute of Public Administration Indian Institute of Public Administration 2018-07-19 Volume no: 53, Issue no: 6 AR15656 2018-07-19 2018-07-19 Articles

Powered by Koha